Asian capitals in Chinese - Statistics

General Stats
  • This quiz has been taken 103 times
  • The average score is 18 of 20
Answer Stats
Hint Answer % Correct
Daka Dhaka
100%
Anman Amman
96%
Asitana Astana
96%
Beilute Beirut
96%
Dili Dili
96%
Manila Manila
96%
Souer Seoul
96%
Bageda Baghdad
93%
Bisikaike Bishkek
93%
Jiademandu Kathmandu
93%
Keweitecheng Kuwait City
93%
Musikate Muscat
93%
Henei Hanoi
89%
Pingyang Pyongyang
89%
Wulanbatuo Ulaanbaatar
89%
Xinjiapo Singapore
86%
Dongjing Tokyo
86%
Deheilan Tehran
79%
Mangu Bangkok
71%
Jilongpo Kuala Lumpur
68%
No matching quizzes found
Score Distribution
Percent of People with Each Score
Percentile by Number Answered
Your Score History
You have not taken this quiz